Responses for Show #3417 - Tuesday, June 15, 1999

Contestants

[<< previous game]

Mike Scott, an organic farmer from Janesville, Wisconsin

Shannan Cvitanovic, a graduate student from New Orleans, Louisiana

Sarah Gold, a bank teller from Albany, New York (whose 1-day cash winnings total $15,001)

[next game >>]

Jeopardy! Round responses

17th CENTURY AMERICA
COSMETICS & PERFUME
CHURCHES
MOVIE BLURBS
(Alex: You have to identify the film.)
AMERICA'S MOST HAUNTED
2x4s
(Alex: Each correct response will consist of 2 words: a 2-letter word & a 4-letter word.)
    $100 26
Jamestown

Mike
    $100 1
Vaseline

Mike
    $100 7
Roman Catholic

Shannan
    $100 2
Citizen Kane

Sarah
    $100 21
Alcatraz

Shannan
    $100 16
By hook

Shannan
    $200 27
John Rolfe

Shannan
    $200 3
Mascara

Shannan
    $200 8
"The Last Supper"

Shannan
    $200 12
Flashdance

Shannan
    $200 22
Gettysburg

Shannan
    $200 17
On call

Sarah
    $300 28
Boston

Sarah
    $300 4
Eyebrows

Shannan
    $300 9
Sepulchre

Shannan
    $300 13
The English Patient

Sarah
    $300 23
Honolulu

Shannan
    $300 18
Ed Koch

Mike
    $400 29
Connecticut

Shannan
    $400 5
Champs-Elysees

Triple Stumper
    $400 10
Moscow

Shannan
    $400 14
A League of Their Own

Mike
    $400 24
Queen Mary

Shannan
    $400 19
No dice

Shannan
    $500 30
La Salle

Mike
    $500 6
Ceylon

Shannan
    $500 11
Ebenezer Baptist Church

Triple Stumper
    $500 15
A River Runs Through It

Shannan
    $1,700 25
John Brown

Shannan
    $500 20
In step

Shannan

Scores at the first commercial break (after clue 15):

Sarah Shannan Mike
$400 $2,700 $500

Scores at the end of the Jeopardy! Round:

Sarah Shannan Mike
$900 $7,000 $1,400

Double Jeopardy! Round responses

WORLD HODGEPODGE
IT'S ABOUT TIME
OLD RADIO CRIME FIGHTERS
THEATRE
JUNE SWOON
THE SHORT VERSION
(Alex: We'll give you the short version; we want you to give us the long version.)
    $200 1
Broom

Sarah
    $200 7
Prime Meridian

Triple Stumper
    $200 17
(Shannan: I'm blanking!)

Matt Dillon

ShannanMike
    $200 6
Death of a Salesman

Shannan
    $200 16
June 21 or 22

Mike
    $200 20
District Attorney

Sarah
    $400 2
India

Sarah
    $400 8
Gregorian Calendar

Mike
    $400 18
Jack Webb

Mike
    $400 12
Plaza Suite

Mike
    $400 25
Korean War

Mike
    $400 21
Post script

Sarah
    $600 3
Azerbaijan

Triple Stumper
    $600 9
Hourglass

Mike
    $600 19
Dick Tracy

Shannan
    $600 13
Night of the Iguana

Triple Stumper
    $600 26
Charles de Gaulle

Mike
    $600 22
Bavarian Motor Works

Mike
    $800 4
Winnipeg

Mike
    $1,500 10
International Date Line

Mike
    $800 29
(Shannan: Who is the Green Lantern?)

The Green Hornet

ShannanMike
    $2,000 14
(Mike: Who is Wolsey?)

Thomas Becket

Mike
    $800 27
Marriage

Sarah
    $800 23
(Alex: I didn't know it by heart either, folks!)

Light Amplification by Stimulated Emission of Radiation

Triple Stumper
    $1000 5
Namibia

Sarah
    $1000 11
Boulder

Triple Stumper
    $1000 30
(Sarah: Who was Charlie Chan?)

Nero Wolfe

Sarah
Triple Stumper
    $1000 15
The Children's Hour

Triple Stumper
    $1000 28
(Shannan: What is Sweden?)

Finland

Shannan
Triple Stumper
    $1000 24
(Sarah: [*]?)
...
(Alex: Sarah, you forgot to phrase it in the form of a question, and as you know, in Double Jeopardy! you get penalized for that... a minute to go.)

human immunodeficiency virus

SarahShannan

Scores at the end of the Double Jeopardy! Round:

Sarah Shannan Mike
$1,900 $6,800 $6,300

[wagering suggestions for these scores]

Final Jeopardy! Round responses

INTERNET BUSINESS
SarahWhat is Ebay?
$1,899
MikeWhat is America on line?
$2,400
ShannanWhat is auction com?
$5,801
eBay

Final scores:

Sarah Shannan Mike
$3,799 $999 $3,900
2nd place: Trip to St. James's Club, Antigua 3rd place: Bushnell Astronomical Reflector Telescope New champion: $3,900

Game dynamics:

Coryat scores:

Sarah Shannan Mike
$1,900 $5,600 $7,600
10 R,
2 W
22 R
(including 1 DD),
3 W
17 R
(including 1 DD),
1 W
(including 1 DD)

Combined Coryat: $15,100

[game clues] [game scores] [suggest correction]

Game tape date: Unknown
The J! Archive is created by fans, for fans. Scraping, republication, monetization, and malicious use prohibited; this site may use cookies and collect identifying information. See terms. The Jeopardy! game show and all elements thereof, including but not limited to copyright and trademark thereto, are the property of Jeopardy Productions, Inc. and are protected under law. This website is not affiliated with, sponsored by, or operated by Jeopardy Productions, Inc. Join the discussion at JBoard.tv.